Contemporary Arab Affairs.

محفوظ في:

التنسيق: دورية

اللغة: Undetermined

الموضوعات:

الوصول للمادة أونلاين: Login to view Source

الوسوم: إضافة وسم

لا توجد وسوم, كن أول من يضع وسما على هذه التسجيلة!

رقم الطلب:

LEADER 00602nms a2200181Ia 4500
005 20240402053418.0
008 240131s9999||||xx |||||||||||||||||und||
999 |c 56434  |d 56434 
022 |a 1755-0912 
022 |a 1755-0920 
245 0 0 |a Contemporary Arab Affairs. 
336 |2 rdacontent  |a text  |b txt 
337 |2 rdamedia  |a unmediated  |b n 
338 |2 rdacarrier  |a volume  |b n 
500 |a 2023 new acquired journal transferred from University of California Press up and until 2022. . 
650 4 |a International relations. 
856 |z JCAA  |u https://brill.com/view/journals/jcaa/jcaa-overview.xml 
942 |2 lcc  |c EJL